| 000 | 00681nam a2200181Ia 4500 | ||
|---|---|---|---|
| 003 | GCL | ||
| 008 | 140319s9999 xx 000 0 ara d | ||
| 040 |
_aGCL / _cGCL |
||
| 082 | 0 | 4 |
_aق _b338.0962 _bع ت |
| 100 | 1 | _aعلى الجرتلى | |
| 245 | 1 | 0 |
_aتاريخ الصناعة فى مصر فى النصف الاول من القرن التاسع عشر / _cعلى الجرتلى |
| 300 | _a185 ص | ||
| 490 |
_aالهيئة العامة للاستعلامات _v0 |
||
| 650 | 0 | 4 | _aمصر - التاريخ الاقتصادى |
| 650 | 0 | 4 | _aمصر - الاحوال الاقتصادية |
| 650 | 0 | 4 | _aمصر - تاريخ - العصر الحديث (1805 - 1956 ) |
| 942 |
_2ddc _cBK |
||
| 999 |
_c49784 _d49784 |
||